The truth behind the bogia myth / (Record no. 288872)
[ view plain ]
| 000 -LEADER | |
|---|---|
| fixed length control field | 00725nam a22002057a 4500 |
| 003 - CONTROL NUMBER IDENTIFIER | |
| control field | 0 |
| 005 - DATE AND TIME OF LATEST TRANSACTION | |
| control field | 20250120094703.0 |
| 008 - FIXED-LENGTH DATA ELEMENTS--GENERAL INFORMATION | |
| fixed length control field | 151016b xxu||||| |||| 00| 0 eng d |
| 050 ## - LIBRARY OF CONGRESS CALL NUMBER | |
| Classification number | PHS DG 738.14 |
| Item number | .B543 2015 |
| 100 ## - MAIN ENTRY--PERSONAL NAME | |
| Personal name | Bertillo, Mikaela P. |
| 245 ## - TITLE STATEMENT | |
| Title | The truth behind the bogia myth / |
| Statement of responsibility, etc | Mikaela P. Bertillo. |
| 260 ## - PUBLICATION, DISTRIBUTION, ETC. (IMPRINT) | |
| Place of publication, distribution, etc | Las Piñas, Philippines : |
| Name of publisher, distributor, etc | Southville International School and Colleges, |
| Date of publication, distribution, etc | 2015. |
| 300 ## - PHYSICAL DESCRIPTION | |
| Extent | 36 p. : |
| Dimensions | 28 cm. |
| 504 ## - BIBLIOGRAPHY, ETC. NOTE | |
| Bibliography, etc | Includes bibliographical references. |
| 650 ## - SUBJECT ADDED ENTRY--TOPICAL TERM | |
| Topical term or geographic name as entry element | Renaissance |
| Geographic subdivision | Italy |
| Form subdivision | History. |
| 650 ## - SUBJECT ADDED ENTRY--TOPICAL TERM | |
| Topical term or geographic name as entry element | Borgia family |
| Form subdivision | History. |
| 650 ## - SUBJECT ADDED ENTRY--TOPICAL TERM | |
| Topical term or geographic name as entry element | Mythology |
| Form subdivision | Influence on historical interpretation. |
| 650 ## - SUBJECT ADDED ENTRY--TOPICAL TERM | |
| Topical term or geographic name as entry element | Historical accuracy |
| Form subdivision | Mythology and legends. |
| 942 ## - ADDED ENTRY ELEMENTS (KOHA) | |
| Source of classification or shelving scheme | Library of Congress Classification |
| Koha item type | PASS |
| Withdrawn status | Lost status | Source of classification or shelving scheme | Damaged status | Not for loan | Home library | Current library | Shelving location | Date acquired | Source of acquisition | Total Checkouts | Full call number | Barcode | Date last seen | Price effective from | Koha item type | Public note |
|---|---|---|---|---|---|---|---|---|---|---|---|---|---|---|---|---|
| Library of Congress Classification | Not For Loan | Luxembourg Library | Luxembourg Library | Portfolio Assessment of SISC Students Section | 10/16/2015 | Donation | PHS DG 738.14 .B543 2015 | P3470 | 11/27/2019 | 10/16/2015 | PASS | Be Amazing, Be Southville! |